|
|
|
|
| LEADER |
00000cam a2200000 a 4500 |
| 001 |
vtls009928432 |
| 003 |
SK-MaSNL |
| 005 |
20260301212321.0 |
| 008 |
250806s1988 xo f 000 0 slo |
| 020 |
|
|
|c 35,-Kčs
|
| 035 |
|
|
|a (SVKBBclas03)vtls000208988
|
| 035 |
|
|
|a urn:nbn:sk:snk-amjfcn
|
| 035 |
|
|
|a urn:nbn:sk:snk-am003e5m
|
| 035 |
|
|
|a A720BA19-AEF3-4F29-9956-FFBB3374BBA8
|
| 040 |
|
|
|a SNK
|b slo
|c SNK
|e AACR2
|
| 041 |
0 |
|
|a slo
|
| 044 |
|
|
|a xo
|c SK
|
| 080 |
|
|
|a 22.01
|2 2001
|
| 100 |
1 |
|
|a Michalko, Ján
|4 aut
|9 286968
|
| 245 |
1 |
0 |
|a Nová evanjelická postila
|b zbierka kázní na slobodne volné texty na všetky nedele a sviatky cirkevného roku
|c Ján Michalko
|
| 260 |
|
|
|a Bratislava
|b Cirkevné nakladateľstvo
|c 1988
|
| 300 |
|
|
|a 239 s.
|c 25 cm
|
| 630 |
0 |
7 |
|a Biblia
|2 SNKPH
|9 17043
|
| 650 |
0 |
7 |
|a kázne
|2 SNKPH
|9 1954
|
| 655 |
|
7 |
|a úvahy
|2 SNKPH
|9 29403
|
| 958 |
|
|
|a EUIPO
|
| 958 |
|
|
|a OND
|
| 958 |
|
|
|a TL
|
| 958 |
|
|
|a NT
|
| 999 |
|
|
|c 917836
|d 919766
|
| 952 |
|
|
|a SNK
|b SNK
|y PREZ
|7 0
|p 17A1141070
|o snkSC 74006
|i snkKSP 1793/89
|0 0
|1 0
|4 0
|d 2015-03-16
|f 1
|l 0
|r 2026-02-24 08:05:58
|w 2026-02-24
|